000 01096nab a2200265 i 4500
001 193683
003 ES-MaACL
005 20250810063057.0
007 t|
008 240206s1994 sp ||||1| spa d
040 _aES-MaACL
_bspa
100 1 _aVivas, Ángel
_eaut
_9235050
245 1 3 _aEl Ateneo necesita ayuda :
_b90.000 ejemplares no se pueden utilizar /
_cÁngel Vivas ; fotos, Carmen Benavides
260 _a[Madrid] :
_bÉpoca,
_c1994
300 _a3 páginas :
_bilustraciones ;
_c30 cm
500 _aFotocopia del artículo de Ángel Vivas sobre el Ateneo de Madrid y su Biblioteca, publicado en la revista "Época", 10 de enero de 1993, n. 463
599 _aCon fotografía de María José Albo Álvarez, entonces directora de la Biblioteca del Ateneo de Madrid
600 1 4 _aAlbo Álvarez, María José
_919404
610 2 4 _aAteneo de Madrid.
_bBiblioteca
_91951
700 1 _aBenavides, Carmen
_c(fotógrafa)
_epht
_9235157
852 4 _aES-MaACL
_cDEPOF
_j2347-F-47
_9201208
942 _2udc
_cANAB
_n0
999 _c193683
_d193683